[Event "Buenos Aires Philidor CC op"]
[Site "Buenos Aires"]
[Date "2017.11.14"]
[Round "3"]
[White "Gonzalez, Domingo"]
[Black "Mazza, Andres"]
[Result "1-0"]
[WhiteElo "1978"]
[BlackElo "1805"]
[PlyCount "75"]
[EventDate "2017.11.07"]
[EventType "swiss"]
[EventRounds "7"]
[EventCountry "ARG"]
[SourceTitle "CBM 181 Extra"]
[Source "ChessBase"]
[SourceDate "2017.12.12"]
[SourceVersion "1"]
[SourceVersionDate "2017.12.12"]
[SourceQuality "1"]

1. d4 h6 2. c4 g5 3. Nc3 d6 4. g3 Bg7 5. Bg2 Nc6 6. e3 e5 7. Nge2 a6 8. a3 f5 9. f4 e4 10. d5 Nce7 11. Nd4 Nf6 12. Qa4+ Bd7 13. Ne6 Bxa4 14. Nxd8 Rxd8 15. Nxa4 b5 16. cxb5 axb5 17. Nc3 Rb8 18. Bf1 Nexd5 19. Bxb5+ Ke7 20. Nxd5+ Nxd5 21. Bc6 Nf6 22. Rb1 Rb6 23. Ba4 Rhb8 24. 0-0 g4 25. Rd1 c6 26. Rd2 Nd5 27. Bxc6 Nxe3 28. Re2 Nc4 29. Bxe4 Bd4+ 30. Kh1 Kf6 31. Bd5 Nxa3 32. Ra1 Nb5 33. Re6+ Kg7 34. Ra8 Rxa8 35. Bxa8 Ra6 36. Bd5 Ra1 37. Re1 Bxb2 38. Bxb2+ 1-0

[Event "Moron Philidor CC 13th"]
[Site "Moron"]
[Date "2017.05.13"]
[Round "3.17"]
[White "Rodriguez, Julio"]
[Black "Gonzalez, Domingo"]
[Result "1-0"]
[WhiteElo "1700"]
[BlackElo "1729"]
[PlyCount "61"]
[EventDate "2017.05.09"]
[EventType "swiss"]
[EventRounds "7"]
[EventCountry "ARG"]
[SourceTitle "EXT 2024"]
[Source "ChessBase"]
[SourceDate "2023.10.10"]
[SourceVersion "1"]
[SourceVersionDate "2023.10.10"]
[SourceQuality "1"]

1. e4 d6 2. Bc4 g6 3. d3 Bg7 4. Nc3 Nf6 5. h3 0-0 6. Nf3 Nbd7 7. 0-0 c5 8. a3 a6 9. Be3 b5 10. Ba2 Bb7 11. Qd2 Re8 12. Bh6 Nf8 13. Rae1 e6 14. Bxg7 Kxg7 15. e5 dxe5 16. Nxe5 Qc7 17. Re2 Rad8 18. Ng4 Nxg4 19. hxg4 Rd4 20. Ne4 f5 21. c3 Rdd8 22. gxf5 exf5 23. Ng3 Qc6 24. f3 c4 25. d4 Ne6 26. Kf2 Nc5 27. Bb1 Rxe2+ 28. Qxe2 Re8 29. Qd2 Nb3 30. Qg5 Qf6 31. Nh5+ 1-0